00431nam a22001457a 4500003000500000020000800005038001100013082001800024100002000042245006400062260003500126300001300161880004000174880007100214NUST qP/B awaseem a891.4906bROB aKarmani, Robina aTanvir Zahoor Dian Punjabi Adbi Khidmatan /cRobina Karmani aLahore :bTaskeen Zooq,c2015. a207 p. ; 6100-01\raروبینہ کرمانی 6245-02\raتنویر ظہور دیاں پنجابی خدمتاں /